| 000 | 00365 a2200157 4500 | ||
|---|---|---|---|
| 001 | 61261 | ||
| 020 | _a9783126750844 | ||
| 040 | _cAnchieta - Pituba | ||
| 100 | _aBuchner, Holm | ||
| 240 | 1 | 0 |
_aSchon mal gehort? _lpor |
| 245 | 1 | 0 | _aSchon mal gehort? |
| 300 | _a72 | ||
| 362 | 0 | _a2009 | |
| 650 | 4 | _aLínguas germânicas (teutônicas) língua alemã | |
| 942 | _cBK | ||
| 999 |
_c61261 _d61261 |
||